000 00557nam a22001817a 4500
001 2561
003 HMS
005 20250710161336.0
008 250710n2001 cl d|||frt||| 00| 0 spa
040 _ahms
_bspa
_chms
050 0 4 _aWS330
_bD566
245 0 0 _aObesidad en la infancia y la adolescencia /
_cW. H. Dietz y C. Chen
_h[libro]
_nVolumen 49
260 _aShanghai:
_bNestlé Nutrición,
_c2001
300 _a63 páginas
500 _aNestlé Nutrition Workshop Series Pediatric Program Volumen 49
650 7 _aObesidad
_93638
942 _2lcc
_cCOL. RES.
_n0
999 _c2561
_d2561